Sinh lý học lâm sàng cơ sở = Basic clinical physiology

সংরক্ষণ করুন:
গ্রন্থ-পঞ্জীর বিবরন
প্রধান লেখক: J. H. Green
বিন্যাস: গ্রন্থ
ভাষা:Undetermined
প্রকাশিত: Hà Nội Y Học 2001
বিষয়গুলি:
ট্যাগগুলো: ট্যাগ যুক্ত করুন
কোনো ট্যাগ নেই, প্রথমজন হিসাবে ট্যাগ করুন!
Thư viện lưu trữ: Trung tâm Học liệu Trường Đại học Cần Thơ
LEADER 00544nam a2200181Ia 4500
001 CTU_45347
008 210402s9999 xx 000 0 und d
082 |a 612 
082 |b G796 
100 |a J. H. Green 
245 0 |a Sinh lý học lâm sàng cơ sở 
245 0 |b = Basic clinical physiology 
245 0 |c J. H. Green, Đức Minh; Dịch giả: Ngô Thế Phương 
260 |a Hà Nội 
260 |b Y Học 
260 |c 2001 
650 |a human physiology 
980 |a Trung tâm Học liệu Trường Đại học Cần Thơ